Les dessin animés des années 70-80 - Statistiques

Statistiques générales
  • Ce quiz a été pris 194 fois
  • Le résultat moyen est 9 sur 15
Statistiques - réponses
Hint Réponse % Correct
Livrant des explications sur le développement du corps humain, le fonctionnement des organes et et la composition des différents types cellulaires. Il était une fois… la Vie
88%
Les aventures de ............., Barbamama et leurs sept enfants, de drôles de personnages très colorés. Barbapapa
87%
Jeanne a grandi à la campagne et déménage avec son père dans le grand Tokyo. Elle découvre, au sein de son lycée, la passion du volley-ball et tombe amoureuse de Serge qui joue, lui dans l'équipe masculine Jeanne et Serge
87%
À bord d’une camionnette, un van peint d'un décor psychédélique et baptisé « The Mystery Machine » 5, quatre jeunes gens, Sammy, Fred, Daphné et Véra, et un gros chien peureux mais adorable Scooby-Doo
85%
Un jeune orphelin,..........., et son meilleur ami, Huckleberry Finn, vivent dans la petite ville de Saint-Petersburg, sur les rives du Mississippi dans le Missouri, au milieu du XIXème siècle. Ensemble, ils sont confrontés à de nombreuses aventures. Tom Sawyer
83%
Esteban, un jeune orphelin âgé d'une douzaine d'années, et Zia, une jeune fille Inca, partent vers le Nouveau Monde à la recherche des légendaires Cités d'or. Les mystérieuses cités d'or
81%
Une petite fille de cinq ans, orpheline de ses deux parents, part vivre avec son grand-père dans la montagne suisse d'Alm. Là, elle se lie d'amitié avec Pierre, un petit berger voisin avec qui elle vivra de grandes aventures. Heidi
80%
Le père de Sara est très riche. Après avoir grandi en Inde, elle intègre un pensionnat à Londres, où elle se fait rapidement des amis. Mais un événement inattendu changera complètement sa vie. Princesse Sarah
73%
Végalia s'est courageusement sacrifiée pour Actarus et ses amis. Grâce à elle, ceux-ci ont découvert la localisation du camp de la Lune Noire. Alcor souhaite lancer une offensive aussitôt, mais la patrouille des Aigles a besoin d'un peu de temps. Goldorak
66%
Lors des courses automobiles, Satanas accompagné de son chien Diabolo on fait maintes tentatives afin de gagner en trichant et jouant de mauvais tours aux autres compétiteurs. Cependant, ils se font prendre à leur propre jeu. Les Fous du volant
50%
Ce dessin animé de vulgarisation scientifique et historique retrace l'histoire de l'humanité, du Big Bang jusqu'au XXème siècle, et à la futurologie, avec un accent sur l'histoire de l'Europe. Il était une fois… l'Homme
43%
........, l'androïde Mala, le robot Crag et le professeur Simon accompagnés de l'agent spéciale Johann Landore, entament une course contre la montre. Sur la planète Dénef, une terrible épidémie fait des ravages dans la population. Il faut trouver le remède qui stoppera les effroyables mutations. Capitaine Flam
32%
Un homme préhistorique qui possède des super-pouvoirs, accompagne ses amies, trois jeunes femmes, Brenda, Lili et Babette, dans les missions les plus périlleuses. Capitaine Caverne
27%
L'histoire commence alors que Cédric Errol n'est qu'un petit garçon comme les autres. Il grandit à New York, dans un quartier populaire. Il est le petit-fils du Comte de Dorincourt, un prestigieux noble anglais, mais ne le sait pas encore. Le Petit Lord
12%
Lors d'une séance de rêve artificiel, un homme nommé Johnson retrouve la mémoire : il découvre qu'il est en fait un aventurier mythique supposé mort Cobra
10%
Aucun quiz correspondant
Distribution des résultats
% des personnes avec chaque résultat
Percentile par nombre de réponses
Votre historique - résultats
Vous n’avez pas pris ce quiz